000 00955nam a22002777a 4500
999 _c81308
_d81308
005 20181112171535.0
010 _aENG-108818
020 _a9780198092223
_c425.00
020 _a0198092229
_c425.00
035 _aEN-92351
035 _aB-534970-978
035 _aB-664573
037 _bDBAD/PUB
037 _bBSB/Ven
_adpl
082 _a346.5402
082 _a346.072
100 _aPathak, Akhileshwar
245 _aLaw of sale of goods /
_cby Akhileshwar Pathak
260 _aNew Delhi
_bOxford University Press
_c2013
270 _aYMCA Library Builbing, 1 Jai Singh Road
_bNew Delhi
_e110001
300 _axii,250p.
_c24cm(Hb)
500 _aIncludes index
942 _2ddc
_cEN
_mPAT
_h346.072